[Event "3rd Madrid Spain, Moratalaz Open"]
[Site "?"]
[Date "2010.09.22"]
[Round "?"]
[White "Moreno Ruiz, Javier"]
[Black "Almagro Llamas, Pablo"]
[WhiteElo "2451"]
[BlackElo "2491"]
[Result "0-1"]

1. d4 Nf6 2. c4 e6 3. Nc3 Bb4 4. e3 c5 5. Ne2 cxd4 6. exd4 d5 7. a3 Be7 8. Nf4 dxc4 9. Bxc4 O-O 10. O-O Nc6 11. d5 exd5 12. Nfxd5 Nxd5 13. Nxd5 Bf6 14. Qh5 Ne5 15. Ba2 Be6 16. Nxf6+ Qxf6 17. Bg5 Qf5 18. Bb1 Nd3 19. Qh4 Qg6 20. a4 Bf5 21. Ra3 h6 22. Be7 Rfe8 23. Bxd3 Bxd3 24. Re1 Rac8 25. h3 Rc4 26. Qg3 Qxg3 27. fxg3 Be4 28. Bd6 Rc2 29. Rf3 Re6 30. Rf2 Rxd6 31. Rxe4 Rd1+ 32. Rf1 Rdd2 33. Re8+ Kh7 34. Rxf7 Rxg2+ 35. Kf1 Rh2 36. Kg1 Rcg2+ 37. Kf1 Rxb2 38. Kg1 Rbg2+ 39. Kf1 Ra2 40. Kg1 Rhg2+ 41. Kf1 Rh2 42. Kg1 Rhb2 43. Ree7 Rb1+ 44. Rf1 Rb3 45. Rff7 Rxg3+ 46. Kf1 Rxa4 47. Kf2 Rg5 48. Rxb7 Ra2+ 49. Kf3 Ra3+ 50. Kf2 Rxh3 51. Rxa7 Rb3 52. Rfc7 Rbb5 53. Ra8 Rbc5 54. Rd7 Rcf5+ 55. Ke2 h5 56. Rdd8 Rf6 57. Rh8+ Kg6 58. Rae8 Rgf5 

0-1

[Event "CAMPEONATO DE ESPAA UNIVERSITARIO DE AJEDREZ"]
[Site "?"]
[Date "2011.05.10"]
[Round "?"]
[White "Pena Gomez, Manuel"]
[Black "Almagro Llamas, Pablo"]
[WhiteElo "2421"]
[BlackElo "2465"]
[Result "0-1"]

1. g3 Nf6 2. Bg2 d5 3. c4 c6 4. Nf3 dxc4 5. Qc2 Qd5 6. Nc3 Qh5 7. b3 cxb3 8. Qxb3 e6 9. O-O Nbd7 10. d4 Qa5 11. Rb1 Be7 12. e4 O-O 13. Bd2 Qd8 14. Rfd1 b6 15. Ne5 Nxe5 16. dxe5 Nd7 17. Be3 Qc7 18. f4 Nc5 19. Qc2 Ba6 20. Na4 Nxa4 21. Qxa4 Bb7 22. Bf2 Rfd8 23. Rxd8+ Bxd8 24. g4 Be7 25. Bg3 c5 26. f5 c4 27. Rc1 Rc8 28. f6 Bc5+ 29. Kh1 Be3 30. Rc2 a6 31. Qa3 Qc5 32. Qc3 b5 33. fxg7 Qd4 34. Qxd4 Bxd4 35. Bf3 c3 36. Kg2 b4 37. Kf1 a5 38. Ke2 Ba6+ 39. Ke1 a4 40. Bf4 b3 41. axb3 axb3 

0-1

[Event "Burgos Spain, Men Championship"]
[Site "?"]
[Date "2003.10.29"]
[Round "?"]
[White "Jerez Perez, Alfonso"]
[Black "Almagro Llamas, Pablo"]
[WhiteElo "2420"]
[BlackElo "2359"]
[Result "0-1"]

1. d4 d5 2. c4 c6 3. cxd5 cxd5 4. Bf4 Nc6 5. e3 a6 6. Nc3 Nf6 7. Bd3 Bg4 8. Nge2 e6 9. O-O Be7 10. Rc1 O-O 11. Na4 Rc8 12. f3 Bf5 13. Qb3 b5 14. Nc5 Na5 15. Qa3 Qb6 16. b4 Nc4 17. Bxc4 bxc4 18. Bg5 Rfd8 19. Nf4 Bg6 20. Nxg6 hxg6 21. Qa4 a5 22. Rb1 axb4 23. Rxb4 Qc6 24. Rb5 Ra8 25. Qb4 Rxa2 26. Rb1 Qa8 27. Rb7 Bf8 28. Qb6 Ra1 29. Rxa1 Qxa1+ 30. Kf2 Qa2+ 31. Kg3 Bd6+ 32. Kh3 Qa8 33. Bxf6 gxf6 34. Nd7 Kg7 35. f4 Rh8+ 36. Kg3 Qa3 37. Kf3 Rh4 38. Qb2 Rxf4+ 

0-1

[Event "Championship Individual Madrid"]
[Site "?"]
[Date "2012.06.11"]
[Round "?"]
[White "Taboas Rodriguez, Daniel"]
[Black "Almagro Llamas, Pablo"]
[WhiteElo "2410"]
[BlackElo "2454"]
[Result "0-1"]

1. d4 Nf6 2. Nf3 e6 3. c4 c5 4. d5 exd5 5. cxd5 d6 6. e4 a6 7. Bd3 g6 8. h3 Bg7 9. a4 O-O 10. O-O c4 11. Bc2 Nbd7 12. Qd4 Nc5 13. Qxc4 b5 14. Qe2 Re8 15. axb5 Nfxe4 16. Bxe4 Rxe4 17. Qd1 Rb8 18. Bg5 Qb6 19. Nc3 Rb4 20. Qe1 Bf5 21. Qe7 Bxc3 22. bxc3 Re4 23. Qf6 Nd7 24. Rxa6 Qxb5 

0-1

[Event "Final Championship Individual Absoluto de Madrid"]
[Site "?"]
[Date "2016.06.10"]
[Round "?"]
[White "Candela Perez, Jose"]
[Black "Almagro Llamas, Pablo"]
[WhiteElo "2407"]
[BlackElo "2432"]
[Result "0-1"]

1. e4 c5 2. Nf3 Nc6 3. Bb5 e6 4. Bxc6 bxc6 5. d3 Ne7 6. O-O Ng6 7. Be3 Be7 8. c3 O-O 9. d4 cxd4 10. cxd4 f5 11. e5 Nh8 12. Qc1 h6 13. Na3 g5 14. Nc4 Ng6 15. Ne1 f4 16. Bd2 c5 17. Ba5 Qe8 18. dxc5 Bb7 19. b4 f3 20. g3 Nf4 21. Qe3 Ne2+ 22. Kh1 Qh5 23. Nd2 g4 24. b5 Rf5 

0-1

[Event "Championship Madrid"]
[Site "?"]
[Date "2015.03.01"]
[Round "?"]
[White "Espinosa Aranda, Angel"]
[Black "Almagro Llamas, Pablo"]
[WhiteElo "2399"]
[BlackElo "2487"]
[Result "0-1"]

1. Nf3 Nf6 2. g3 d5 3. Bg2 e6 4. O-O Be7 5. d4 b5 6. Ne5 Bb7 7. Qd3 a6 8. Nd2 c5 9. e4 Qc7 10. c3 O-O 11. Re1 Rd8 12. exd5 Bxd5 13. Bxd5 Rxd5 14. Ndf3 Nc6 15. Nxc6 Qxc6 16. Bf4 Rad8 17. Qe2 Qb7 18. Rac1 h6 19. Ne5 Bd6 20. Qf3 Bxe5 21. dxe5 Nd7 22. b3 c4 23. bxc4 bxc4 24. Qg4 Kh7 25. Rb1 Qc7 26. h4 Rd3 27. Rbc1 Qa5 28. Qe2 Nc5 29. h5 Qc7 30. Qc2 Qc6 31. Be3 Ne4 32. Bd4 Kg8 33. Red1 Ng5 34. Be3 Nf3+ 35. Kf1 Nxe5 36. Kg1 Qe4 37. Qe2 Nf3+ 38. Kf1 Nd4 

0-1

[Event "Madrid Spain, Liga Madrilea"]
[Site "?"]
[Date "2012.01.22"]
[Round "?"]
[White "Gallego Jimenez, Victoriano"]
[Black "Almagro Llamas, Pablo"]
[WhiteElo "2390"]
[BlackElo "2461"]
[Result "0-1"]

1. d4 Nf6 2. c4 e6 3. Nf3 b6 4. a3 Bb7 5. Nc3 d5 6. cxd5 Nxd5 7. e3 Nd7 8. Bd3 c5 9. e4 Nxc3 10. bxc3 Be7 11. O-O O-O 12. Bf4 Nf6 13. Qe2 Rc8 14. Rfe1 cxd4 15. cxd4 Rc3 16. Bd2 Rxa3 17. Rxa3 Bxa3 18. Ra1 Be7 19. Rxa7 Qb8 20. Ra1 Rd8 21. Bg5 h6 22. Bh4 Qc7 23. Rb1 Ra8 24. h3 Ra3 25. Bg3 Qd8 26. Rd1 Qa8 27. Nd2 Ra2 28. Qe3 Ra1 29. Rxa1 Qxa1+ 30. Kh2 Qc3 31. e5 Nd5 32. Qe4 g6 33. Nc4 Ba6 34. Nb2 Bxd3 35. Nxd3 Qc2 36. Qf3 Qc4 37. Qe4 Bc5 38. Nxc5 bxc5 39. Bf4 Nxf4 40. Qxf4 cxd4 41. Qe4 Kg7 42. f4 Qc3 43. Kg1 d3 44. Kf2 

0-1

[Event "24th Torneo Magistral Internacional de Elgoibar"]
[Site "?"]
[Date "2014.12.15"]
[Round "?"]
[White "Buscara, Sevan"]
[Black "Almagro Llamas, Pablo"]
[WhiteElo "2376"]
[BlackElo "2487"]
[Result "0-1"]

1. d4 Nf6 2. Nf3 e6 3. Bf4 b6 4. e3 Bb7 5. Bd3 c5 6. c3 Be7 7. h3 O-O 8. Nbd2 d5 9. Ne5 Ne4 10. Nxe4 dxe4 11. Be2 cxd4 12. exd4 Bd6 13. Bc4 Qc7 14. Qg4 Nc6 15. Qg3 Rad8 16. O-O Ne7 17. Bb3 Nd5 18. Bh6 f6 19. c4 fxe5 20. cxd5 exd4 21. dxe6 Bxg3 22. e7+ Kh8 23. Bg5 Bh2+ 24. Kh1 Rde8 25. Rac1 Qe5 

0-1